Tuya /

"Tuya es un policial magníficamente armado, con vueltas de tuerca sorpresivas que van apareciendo en la trama, y con un cierre perfecto."--Elsa Drucaroff, contraportada.

Guardado en:
Autor Principal: Piñeiro, Claudia, 1960-, (Autor, autora.)
Formato: Libro
Idioma:Spanish
Publicado: Buenos Aires : Alfaguara, 2010.
Edición:1a ed., 1a reimp.
Materias:
Etiquetas: Agregar Etiqueta
Sin Etiquetas, Sea el primero en etiquetar este registro!
LEADER 00822nam a22002175a 4500
001 EUN.eunm009441
008 241009s2010####ag#####g######000#0#spa#d
005 20241031121607.0
245 1 0 |a Tuya /  |c Claudia Piñeiro. 
250 |a 1a ed., 1a reimp. 
260 |a Buenos Aires :  |b Alfaguara,  |c 2010. 
300 |a 165 p. ;  |c 24 cm. 
520 1 |a "Tuya es un policial magníficamente armado, con vueltas de tuerca sorpresivas que van apareciendo en la trama, y con un cierre perfecto."--Elsa Drucaroff, contraportada. 
020 |a 9789870409878 
100 1 |a Piñeiro, Claudia,  |d 1960-,  |e autora.  |4 aut 
082 0 4 |a A863.4  |2 21 
650 7 |a Literatura argentina.  |2 unbist 
650 7 |a Siglo XXI  |2 unbist 
650 4 |a Novelas argentinas. 
655 4 |a Novela policial. 
859 |a AR-BaUNS  |b BIB. CENTRAL - Sector A  |h A863.4  |i P658-1  |p 128930/024